<?xml version="1.0" encoding="UTF-8"?>
<collection xmlns="http://www.loc.gov/MARC21/slim">
 <record>
  <leader>04189nam a22007097a 4500</leader>
  <controlfield tag="001">000202074</controlfield>
  <controlfield tag="003">CZ-PrVSE</controlfield>
  <controlfield tag="005">20200521134742.0</controlfield>
  <controlfield tag="007">ta</controlfield>
  <controlfield tag="008">110714s1933    xr     fr     000 0 cze d</controlfield>
  <datafield tag="015" ind1=" " ind2=" ">
   <subfield code="a">cnb000941172</subfield>
  </datafield>
  <datafield tag="020" ind1=" " ind2=" ">
   <subfield code="q">(Brož.)</subfield>
  </datafield>
  <datafield tag="035" ind1=" " ind2=" ">
   <subfield code="a">(OCoLC)36173843</subfield>
  </datafield>
  <datafield tag="040" ind1=" " ind2=" ">
   <subfield code="a">ABA006</subfield>
   <subfield code="b">cze</subfield>
   <subfield code="c">ABA006</subfield>
   <subfield code="d">ABA006</subfield>
  </datafield>
  <datafield tag="072" ind1=" " ind2="7">
   <subfield code="a">330.5+338</subfield>
   <subfield code="x">Národní hospodářství a hospodářská politika</subfield>
   <subfield code="2">Konspekt</subfield>
   <subfield code="9">4</subfield>
  </datafield>
  <datafield tag="072" ind1=" " ind2="9">
   <subfield code="a">339</subfield>
   <subfield code="x">Macroeconomics and related topics</subfield>
   <subfield code="2">Conspectus</subfield>
   <subfield code="9">4</subfield>
  </datafield>
  <datafield tag="080" ind1=" " ind2=" ">
   <subfield code="a">330.14</subfield>
   <subfield code="2">MRF_2003</subfield>
  </datafield>
  <datafield tag="080" ind1=" " ind2=" ">
   <subfield code="a">336.76</subfield>
   <subfield code="2">MRF_2003</subfield>
  </datafield>
  <datafield tag="080" ind1=" " ind2=" ">
   <subfield code="a">336</subfield>
   <subfield code="2">MRF_2003</subfield>
  </datafield>
  <datafield tag="080" ind1=" " ind2=" ">
   <subfield code="a">330.322</subfield>
   <subfield code="2">MRF_2003</subfield>
  </datafield>
  <datafield tag="080" ind1=" " ind2=" ">
   <subfield code="a">338.2</subfield>
   <subfield code="2">MRF_2003</subfield>
  </datafield>
  <datafield tag="080" ind1=" " ind2=" ">
   <subfield code="a">(437)</subfield>
   <subfield code="2">MRF_2003</subfield>
  </datafield>
  <datafield tag="080" ind1=" " ind2=" ">
   <subfield code="a">(042.3)</subfield>
   <subfield code="2">MRF_2003</subfield>
  </datafield>
  <datafield tag="099" ind1=" " ind2="9">
   <subfield code="a">336KAR</subfield>
  </datafield>
  <datafield tag="100" ind1="1" ind2=" ">
   <subfield code="a">Karásek, Karel,</subfield>
   <subfield code="d">1881-</subfield>
   <subfield code="7">jk01052980</subfield>
   <subfield code="4">aut</subfield>
  </datafield>
  <datafield tag="245" ind1="1" ind2="0">
   <subfield code="a">Struktura trhu kapitálu v Československu /</subfield>
   <subfield code="c">přednesl Karel Karásek ve schůzi společnosti pořádané dne 13. února 1933 v Praze</subfield>
  </datafield>
  <datafield tag="260" ind1=" " ind2=" ">
   <subfield code="a">V Praze :</subfield>
   <subfield code="b">Česká společnost národohospodářská :</subfield>
   <subfield code="b">V komisi knihkupectví Fr. Řivnáče,</subfield>
   <subfield code="c">1933</subfield>
   <subfield code="f">(Prometheus)</subfield>
  </datafield>
  <datafield tag="300" ind1=" " ind2=" ">
   <subfield code="a">40 s.</subfield>
  </datafield>
  <datafield tag="490" ind1="1" ind2=" ">
   <subfield code="a">Sbírka přednášek pořádaných Českou společností národohospodářskou ;</subfield>
   <subfield code="v">1932-1933, XII</subfield>
  </datafield>
  <datafield tag="650" ind1="0" ind2="7">
   <subfield code="a">kapitál</subfield>
   <subfield code="7">ph121445</subfield>
   <subfield code="2">czenas</subfield>
  </datafield>
  <datafield tag="650" ind1="0" ind2="7">
   <subfield code="a">kapitálové trhy</subfield>
   <subfield code="7">ph114867</subfield>
   <subfield code="2">czenas</subfield>
  </datafield>
  <datafield tag="650" ind1="0" ind2="7">
   <subfield code="a">finance</subfield>
   <subfield code="7">ph114548</subfield>
   <subfield code="2">czenas</subfield>
  </datafield>
  <datafield tag="650" ind1="0" ind2="7">
   <subfield code="a">investice</subfield>
   <subfield code="7">ph114790</subfield>
   <subfield code="2">czenas</subfield>
  </datafield>
  <datafield tag="650" ind1="0" ind2="7">
   <subfield code="a">hospodářská politika</subfield>
   <subfield code="7">ph114701</subfield>
   <subfield code="2">czenas</subfield>
  </datafield>
  <datafield tag="651" ind1=" " ind2="7">
   <subfield code="a">Československo</subfield>
   <subfield code="7">ge131689</subfield>
   <subfield code="2">czenas</subfield>
  </datafield>
  <datafield tag="655" ind1=" " ind2="7">
   <subfield code="a">přednášky</subfield>
   <subfield code="7">fd133199</subfield>
   <subfield code="2">czenas</subfield>
  </datafield>
  <datafield tag="650" ind1="0" ind2="9">
   <subfield code="a">capital</subfield>
   <subfield code="2">eczenas</subfield>
  </datafield>
  <datafield tag="650" ind1="0" ind2="9">
   <subfield code="a">capital market</subfield>
   <subfield code="2">eczenas</subfield>
  </datafield>
  <datafield tag="650" ind1="0" ind2="9">
   <subfield code="a">finance</subfield>
   <subfield code="2">eczenas</subfield>
  </datafield>
  <datafield tag="650" ind1="0" ind2="9">
   <subfield code="a">investments</subfield>
   <subfield code="2">eczenas</subfield>
  </datafield>
  <datafield tag="650" ind1="0" ind2="9">
   <subfield code="a">economic policy</subfield>
   <subfield code="2">eczenas</subfield>
  </datafield>
  <datafield tag="651" ind1=" " ind2="9">
   <subfield code="a">Czechoslovakia</subfield>
   <subfield code="2">eczenas</subfield>
  </datafield>
  <datafield tag="655" ind1=" " ind2="9">
   <subfield code="a">lectures</subfield>
   <subfield code="2">eczenas</subfield>
  </datafield>
  <datafield tag="773" ind1="0" ind2=" ">
   <subfield code="i">Přívazek také k:</subfield>
   <subfield code="t">Zemědělská krise v souvislosti s národním hospodářstvím</subfield>
   <subfield code="w">(CZ-PrVSE)000131475</subfield>
   <subfield code="w">(CZ-PrVSE)000664387</subfield>
  </datafield>
  <datafield tag="773" ind1="0" ind2=" ">
   <subfield code="i">Také jako přívazek k:</subfield>
   <subfield code="t">Hospodářský význam veřejné spotřeby se zvláštním zřetelem k veřejným dodávkám</subfield>
   <subfield code="w">(CZ-PrVSE)000203249</subfield>
  </datafield>
  <datafield tag="830" ind1=" " ind2="0">
   <subfield code="a">Sbírka přednášek (Česká národohospodářská společnost)</subfield>
  </datafield>
  <datafield tag="856" ind1="4" ind2="1">
   <subfield code="u">http://www.bibliothecaeconomica.cz/library/record/detail.aspx?ID=426</subfield>
   <subfield code="y">Digitalizovaný dokument - dostupné online v projektu Bibliotheca economica</subfield>
  </datafield>
  <datafield tag="856" ind1="4" ind2="1">
   <subfield code="u">https://kramerius.vse.cz/search/handle/uuid:e7bbdad0-5e8e-11e0-9912-0013d398622b</subfield>
   <subfield code="y">Digitalizovaný dokument</subfield>
  </datafield>
  <datafield tag="LKR" ind1=" " ind2=" ">
   <subfield code="a">ITM</subfield>
   <subfield code="b">131475</subfield>
   <subfield code="l">UEP50</subfield>
  </datafield>
  <datafield tag="LKR" ind1=" " ind2=" ">
   <subfield code="a">ITM</subfield>
   <subfield code="b">203249</subfield>
   <subfield code="l">UEP50</subfield>
  </datafield>
  <datafield tag="LKR" ind1=" " ind2=" ">
   <subfield code="a">ITM</subfield>
   <subfield code="b">664393</subfield>
   <subfield code="l">UEP50</subfield>
  </datafield>
  <datafield tag="993" ind1=" " ind2=" ">
   <subfield code="a">000682471</subfield>
   <subfield code="x">NEDEDUPLIKOVAT</subfield>
   <subfield code="y">PROPOJENE</subfield>
  </datafield>
  <datafield tag="911" ind1=" " ind2=" ">
   <subfield code="a">ABA006</subfield>
   <subfield code="d">zdigitalizováno</subfield>
   <subfield code="u">https://kramerius.vse.cz/search/handle/uuid:e7bbdad0-5e8e-11e0-9912-0013d398622b</subfield>
  </datafield>
  <datafield tag="996" ind1=" " ind2=" ">
   <subfield code="1">PDPZ1</subfield>
   <subfield code="3">P2939</subfield>
   <subfield code="4">N:G</subfield>
   <subfield code="5">3142258630</subfield>
   <subfield code="7">Svazek přednášek; chybí sv. IV-VII, X, XVI,</subfield>
   <subfield code="8">20120710</subfield>
   <subfield code="9">338.4BRD</subfield>
   <subfield code="f">95</subfield>
   <subfield code="h">Svazek přednášek</subfield>
   <subfield code="l">UEP01</subfield>
   <subfield code="m">BOOK</subfield>
   <subfield code="q">Knihovna Žižkov depoz. 1</subfield>
   <subfield code="t">prezenční - lze objednat</subfield>
   <subfield code="u">UEP01</subfield>
   <subfield code="w">20120710</subfield>
  </datafield>
  <datafield tag="996" ind1=" " ind2=" ">
   <subfield code="1">PDPZ1</subfield>
   <subfield code="3">ZF221</subfield>
   <subfield code="4">N:G</subfield>
   <subfield code="5">3142226321</subfield>
   <subfield code="7">Svazek přednášek</subfield>
   <subfield code="8">20090203</subfield>
   <subfield code="9">338.4BRD</subfield>
   <subfield code="f">89</subfield>
   <subfield code="h">Svazek přednášek</subfield>
   <subfield code="l">UEP01</subfield>
   <subfield code="m">BOOK</subfield>
   <subfield code="q">Knihovna Žižkov depoz. 1</subfield>
   <subfield code="t">přísně prezenční</subfield>
   <subfield code="u">UEP01</subfield>
   <subfield code="w">20090212</subfield>
  </datafield>
  <datafield tag="996" ind1=" " ind2=" ">
   <subfield code="1">PDPZ1</subfield>
   <subfield code="3">ZF485</subfield>
   <subfield code="4">N:P; PC=998/33; SI=F1624</subfield>
   <subfield code="5">3142339761</subfield>
   <subfield code="8">20200518</subfield>
   <subfield code="9">336KAR</subfield>
   <subfield code="f">89</subfield>
   <subfield code="l">UEP01</subfield>
   <subfield code="m">BOOK</subfield>
   <subfield code="q">Knihovna Žižkov depoz. 1</subfield>
   <subfield code="t">přísně prezenční</subfield>
   <subfield code="u">UEP01</subfield>
   <subfield code="w">20200518</subfield>
  </datafield>
  <datafield tag="996" ind1=" " ind2=" ">
   <subfield code="1">PDPZ2</subfield>
   <subfield code="3">F1624/LXVIII</subfield>
   <subfield code="4">N:G, PC= není; SI=1069 a E21 a PC 5540/61 nejsou naše</subfield>
   <subfield code="5">3142332079</subfield>
   <subfield code="7">Svazek více publikací</subfield>
   <subfield code="8">20200219</subfield>
   <subfield code="9">338.4BRD</subfield>
   <subfield code="f">95</subfield>
   <subfield code="h">Svazek více publikací</subfield>
   <subfield code="l">UEP01</subfield>
   <subfield code="m">BOOK</subfield>
   <subfield code="q">Knihovna Žižkov depoz. 2</subfield>
   <subfield code="t">prezenční - lze objednat</subfield>
   <subfield code="u">UEP01</subfield>
   <subfield code="w">20200219</subfield>
  </datafield>
  <datafield tag="996" ind1=" " ind2=" ">
   <subfield code="1">PDPZ2</subfield>
   <subfield code="3">F168138/I</subfield>
   <subfield code="5">3142013138</subfield>
   <subfield code="7">Svazek přednášek</subfield>
   <subfield code="8">20030807</subfield>
   <subfield code="9">330.5KOL</subfield>
   <subfield code="b">F168138/I</subfield>
   <subfield code="f">95</subfield>
   <subfield code="h">Svazek přednášek</subfield>
   <subfield code="l">UEP01</subfield>
   <subfield code="m">BOOK</subfield>
   <subfield code="q">Knihovna Žižkov depoz. 2</subfield>
   <subfield code="t">prezenční - lze objednat</subfield>
   <subfield code="u">UEP01</subfield>
   <subfield code="w">20030918</subfield>
  </datafield>
  <datafield tag="996" ind1=" " ind2=" ">
   <subfield code="1">PDPZ2</subfield>
   <subfield code="3">F168138/II</subfield>
   <subfield code="5">3142013163</subfield>
   <subfield code="7">Svazek přednášek</subfield>
   <subfield code="8">20030807</subfield>
   <subfield code="9">338.43BRD</subfield>
   <subfield code="f">81</subfield>
   <subfield code="h">Svazek přednášek</subfield>
   <subfield code="l">UEP01</subfield>
   <subfield code="m">BOOK</subfield>
   <subfield code="q">Knihovna Žižkov depoz. 2</subfield>
   <subfield code="t">na 1 měsíc</subfield>
   <subfield code="u">UEP01</subfield>
   <subfield code="w">20030918</subfield>
  </datafield>
  <datafield tag="996" ind1=" " ind2=" ">
   <subfield code="1">PKHD</subfield>
   <subfield code="3">F209019</subfield>
   <subfield code="4">N:P</subfield>
   <subfield code="5">3142249780</subfield>
   <subfield code="7">Svazek přednášek</subfield>
   <subfield code="8">20110905</subfield>
   <subfield code="9">336.1KOL</subfield>
   <subfield code="f">83</subfield>
   <subfield code="h">Svazek přednášek</subfield>
   <subfield code="l">UEP01</subfield>
   <subfield code="m">BOOK</subfield>
   <subfield code="q">KHD</subfield>
   <subfield code="t">na dislokovaném</subfield>
   <subfield code="u">UEP01</subfield>
   <subfield code="w">20110905</subfield>
  </datafield>
 </record>
</collection>
